U.S. Presidents That Had Dogs Quiz - Statistics

General Stats
  • This quiz has been taken 42 times
  • The average score is 9 of 32
Answer Stats
Dog(s) President % Correct
Bo, Sunny Barack Obama
77%
Champ, Commander, Major Joe Biden
67%
Barney, Miss Beazley, Spot George W. Bush
63%
Checkers, King Timahoe, Pasha, Vicky Richard Nixon
63%
Buddy Bill Clinton
53%
Millie, Ranger George H. W. Bush
53%
Blaze, Fala, Major, Meggie, President, Tiny, Winks Franklin D. Roosevelt
43%
Grits, Lewis Brown Jimmy Carter
33%
Blanco, Edgar, Freckles, Her, Him, Yuki Lyndon B. Johnson
30%
Laddie Boy, Old Boy Warren G. Harding
30%
Big Ben, Eaglehurst Gillette, Glen, King Tut, Pat, Patrick, Sonny, Weejie, Yukon Herbert Hoover
27%
Blackie, Butterfly, Charlie, Clipper, Gaullie, Moe, Pushinka, Shannon, Streaker, White Tips, Wolf John F. Kennedy
27%
Caruso William Howard Taft
27%
Bessie, Blackberry, Boston Beans, Calamity Jane, King Cole, Palo Alto, Paul Pry, Peter Pan, Prudence Prim, Rob Roy, Ruby Rouch, Tiny Tim Calvin Coolidge
23%
Heidi Dwight D. Eisenhower
20%
Liberty, Lucky, Misty Gerald Ford
20%
Feller, Mike Harry S. Truman
20%
Blackjack, Gem, Manchu, Pete, Rollo, Sailor Boy, Skip, Susan Theodore Roosevelt
20%
Fido, Jip, (other dogs) Abraham Lincoln
17%
Juno, Satan John Adams
17%
Fuzzy, Lucky, Peggy, Rex, Taca, Victory Ronald Reagan
17%
Captain, Cloe, Drunkard, Forester, Lady Rover, Mopsey, Searcher, Sweet Lips, Taster, Tipler, Tipsy, Vulcan, etc. George Washington
13%
Hector, (dachshunds), (cocker spaniel), (collie), (St. Bernard), (foxhounds) Grover Cleveland
13%
Le Beau, (two wolfhounds) John Tyler
13%
Dot, Duke, Grim, Hector, Jet, Juno, Otis, Shep Rutherford B. Hayes
13%
Faithful, Rosie Ulysses S. Grant
13%
Bruce, Davie, Mountain Boy Woodrow Wilson
13%
Veto James A. Garfield
10%
Lara, Punch James Buchanan
10%
Dash Benjamin Harrison
7%
(seven small dogs) Franklin Pierce
3%
(Spaniel) James Monroe
3%
No matching quizzes found
Score Distribution
Percent of People with Each Score
Percentile by Number Answered
Your Score History
You have not taken this quiz